LDR 00736naa#a2200181#i#450# 001 EN\INFRA-M\bibl\126390 005 20260629091520.1 011 ## _a2306-1731 100 ## _a20260623b2026####ek#y0engy0150####ca 102 ## _aRU 200 1# _aInformation Warfare Tools for Changing the Value-Semantic Orientations _eJournal article 210 1# _aMoscow _cINFRA-M Academic Publishing LLC. _d2026 215 ## _a6 с. 608 ## _aJournal article _2local 675 ## _aОбщественное мнение. Общественно-политическая деятельность.(общественные отношения). Пропаганда. Агитация. 32.019.5 _z 700 #1 _aZamaraeva _gE. I. 700 #1 _aZagrebel'naya _gA. V. 856 4# _azh-szf.ru _u